Normal view
MARC view
- Halliday,David
Entry Personal Name
001 - CONTROL NUMBER
- control field: 5033
003 - CONTROL NUMBER IDENTIFIER
- control field: NUST
005 - DATE AND TIME OF LATEST TRANSACTION
- control field: 20170927104207.0
008 - FIXED-LENGTH DATA ELEMENTS
- fixed length control field: 170927|| aca||aabn | a|a d
040 ## - CATALOGING SOURCE
- Original cataloging agency: NUST
- Transcribing agency: NUST
100 ## - HEADING--PERSONAL NAME
- Personal name: Halliday,David
670 ## - SOURCE DATA FOUND
- Source citation: Work cat.: (NUST)0: Halliday,David, Fundamentals of Physics, 2007
